The blue racer, (Запис № 475299)

МАРК-запис
000 -LEADER
fixed length control field 01072cam a2200241M 4500
001 - CONTROL NUMBER
control field blueracer00huff
003 - CONTROL NUMBER IDENTIFIER
control field CaSfIA
005 - DATE AND TIME OF LATEST TRANSACTION
control field 20210117221053.0
007 - PHYSICAL DESCRIPTION FIXED FIELD--GENERAL INFORMATION
fixed length control field cr||||
008 - FIXED-LENGTH DATA ELEMENTS--GENERAL INFORMATION
fixed length control field 761005s1967 nyu aj 000 f eng d
040 ## - CATALOGING SOURCE
Original cataloging agency otny
Transcribing agency TOH
Modifying agency CaSfIA
035 ## - SYSTEM CONTROL NUMBER
System control number (OCoLC)317444688
050 14 - LIBRARY OF CONGRESS CALL NUMBER
Classification number S
100 1# - MAIN ENTRY--PERSONAL NAME
Personal name Huff, Roderick Remmele.
245 14 - TITLE STATEMENT
Title The blue racer,
Medium [electronic resource]
Statement of responsibility, etc by Roderick Huff. Illustrated by Leonard Shortall.
260 ## - PUBLICATION, DISTRIBUTION, ETC. (IMPRINT)
Place of publication, distribution, etc New York,
Name of publisher, distributor, etc Dutton
Date of publication, distribution, etc [1967]
300 ## - PHYSICAL DESCRIPTION
Extent 159 p.
Other physical details illus.
506 ## - RESTRICTIONS ON ACCESS NOTE
Standardized terminology for access restriction Необхідна авторизація на https://archive.org/ (створення облікового запису безкоштовно)
506 ## - RESTRICTIONS ON ACCESS NOTE
Standardized terminology for access restriction Необхідна авторизація на https://openlibrary.org/ (створення облікового запису безкоштовно)
856 41 - ELECTRONIC LOCATION AND ACCESS
Uniform Resource Identifier <a href="http://www.archive.org/details/blueracer00huff">http://www.archive.org/details/blueracer00huff</a>
Public note Free eBook from the Internet Archive
856 42 - ELECTRONIC LOCATION AND ACCESS
Uniform Resource Identifier <a href="http://www.openlibrary.org/books/OL24201926M">http://www.openlibrary.org/books/OL24201926M</a>
Public note Additional information and access via Open Library
942 ## - ADDED ENTRY ELEMENTS (KOHA)
Koha item type ЕКнига

Немає доступних примірників.